अहसास / (Record no. 116782)
[ view plain ]
| 000 -LEADER | |
|---|---|
| fixed length control field | 01149nam a22002777a 4500 |
| 003 - CONTROL NUMBER IDENTIFIER | |
| control field | dpl |
| 005 - DATE AND TIME OF LATEST TRANSACTION | |
| control field | 20180712135017.0 |
| 008 - FIXED-LENGTH DATA ELEMENTS--GENERAL INFORMATION | |
| fixed length control field | 180712b xxu||||| |||| 00| 0 eng d |
| 010 ## - LIBRARY OF CONGRESS CONTROL NUMBER | |
| LC control number | A-963162 |
| 020 ## - INTERNATIONAL STANDARD BOOK NUMBER | |
| Terms of availability | 70.00 |
| 035 ## - SYSTEM CONTROL NUMBER | |
| System control number | A-963162,A-963184 |
| 037 ## - SOURCE OF ACQUISITION | |
| Source of stock number/acquisition | Cen Lib/Ret |
| 040 ## - CATALOGING SOURCE | |
| Original cataloging agency | DPL |
| Language of cataloging | HN |
| Transcribing agency | 0 |
| 082 ## - DEWEY DECIMAL CLASSIFICATION NUMBER | |
| Classification number | उ |
| Item number | शर्माके |
| 100 ## - MAIN ENTRY--PERSONAL NAME | |
| Personal name | शर्मा, केशवदेव |
| 9 (RLIN) | 68282 |
| 245 ## - TITLE STATEMENT | |
| Title | अहसास / |
| Statement of responsibility, etc | केशवदेव शर्मा |
| 246 ## - VARYING FORM OF TITLE | |
| Title proper/short title | Ahsaas / |
| Remainder of title | by Keshavdev Sharma |
| 260 ## - PUBLICATION, DISTRIBUTION, ETC. (IMPRINT) | |
| Place of publication, distribution, etc | दिल्ली |
| Name of publisher, distributor, etc | नीरज बुक सेंटर |
| Date of publication, distribution, etc | 1998 |
| 270 ## - ADDRESS | |
| Address | आर्यनगर ग्रुप हाउसिंग सोसाइटी(प्लाट नं.91) फ्लैट नं.सी.-32, पटपड़गंज |
| City | दिल्ली |
| Postal code | 110092 |
| 300 ## - PHYSICAL DESCRIPTION | |
| Extent | 80पृ. |
| Dimensions | 20सेमी(सजिल्द) |
| 650 ## - SUBJECT ADDED ENTRY--TOPICAL TERM | |
| Topical term or geographic name as entry element | हिन्दी साहित्य |
| 9 (RLIN) | 68283 |
| 650 ## - SUBJECT ADDED ENTRY--TOPICAL TERM | |
| Topical term or geographic name as entry element | हिन्दी -- उपन्यास |
| 9 (RLIN) | 68284 |
| 650 ## - SUBJECT ADDED ENTRY--TOPICAL TERM | |
| Topical term or geographic name as entry element | Hindi literature |
| 9 (RLIN) | 68285 |
| 650 ## - SUBJECT ADDED ENTRY--TOPICAL TERM | |
| Topical term or geographic name as entry element | Hindi -- Fiction |
| 9 (RLIN) | 27248 |
| 942 ## - ADDED ENTRY ELEMENTS (KOHA) | |
| Source of classification or shelving scheme | Dewey Decimal Classification |
| Koha item type | Hindi Books |
| Classification part | उ |
| Call number suffix | शर्माके |
| Withdrawn status | Lost status | Damaged status | Not for loan | Home library | Current library | Date acquired | Source of acquisition | Cost, normal purchase price | Total Checkouts | Full call number | Barcode | Date last seen | Copy number | Cost, replacement price | Price effective from | Koha item type | Source of classification or shelving scheme | Collection code |
|---|---|---|---|---|---|---|---|---|---|---|---|---|---|---|---|---|---|---|
| Central Library | Central Library | 25/08/2015 | Cen Lib/Ret | 70.00 | उ शर्माके | A-963162 | 25/08/2015 | 1 | 70.00 | 25/08/2015 | Hindi Books | |||||||
| Central Library | Central Library | 08/09/2015 | Cen Lib/Ref | 70.00 | उ शर्माके | A-963157 | 08/09/2015 | 1 | 70.00 | 08/09/2015 | Hindi Books | |||||||
| Shahdara Branch | Shahdara Branch | 12/07/2018 | BPPD/PUB | 70.00 | उ शर्माके | A-963184 | 12/07/2018 | 70.00 | 12/07/2018 | Hindi Books | Dewey Decimal Classification | Fiction |
